Typing BACKWARDS - Statistics

General Stats
  • This quiz has been taken 61 times
  • The average score is 2 of 5
Answer Stats
Type it backwards Now do it! % Correct
Answers are cool Looc era srewsna
100%
Redo the quiz Ziuq eht oder
75%
Click a cell to edit Tide ot llec a kcilc
22%
Buy the food now Won doof eth yub
6%
Don’t mess around Dnuora ssem t’nod
3%
No matching quizzes found
Score Distribution
Percent of People with Each Score
Percentile by Number Answered
Your Score History
You have not taken this quiz